[Event "Top20"]
[Site "?"]
[Date "2002.03.02"]
[Round "6"]
[White "Bruel, Bruno"]
[Black "Rea, Laurent"]
[Result "1-0"]
[WhiteElo "1670"]
[BlackElo "1770"]
[PlyCount "85"]
[EventDate "2002.??.??"]

1. Nf3 Nf6 2. d4 d6 3. c4 Nbd7 4. g3 e5 5. dxe5 dxe5 6. Bg2 Be7 7. Nc3 c6 8.
O-O O-O 9. b3 Qc7 10. Bb2 Re8 11. a3 a5 12. Rc1 Bf8 13. Na4 Ng4 14. h3 e4 15.
hxg4 exf3 16. Bxf3 Ne5 17. Bxe5 Rxe5 18. Qd3 Be6 19. Rcd1 Re8 20. Kg2 Bc8 21.
Nc3 Qe7 22. Rh1 h6 23. a4 f5 24. gxf5 Bxf5 25. Qd4 g5 26. g4 Bg6 27. Rd2 Qg7
28. Rhd1 Bc5 29. Bd5+ cxd5 30. Qxc5 dxc4 31. Qxc4+ Bf7 32. Qc7 R8e7 33. Rd7 Be8
34. Rxe7 Rxe7 35. Qxa5 Bc6+ 36. Kf1 Qf7 37. Rd8+ Kg7 38. Nd5 Re5 39. e4 Bxd5
40. exd5 Qe7 41. d6 Re1+ 42. Qxe1 Qxd8 43. Qe6 1-0

[Event "Top20"]
[Site "?"]
[Date "2002.03.30"]
[Round "7"]
[White "Etlicher, Dominique"]
[Black "Dzaferi, Asip"]
[Result "1-0"]
[WhiteElo "1940"]
[BlackElo "2070"]
[PlyCount "105"]

1. d4 d5 2. Nf3 c5 3. c3 e6 4. e3 Nc6 5. Bd3 Nf6 6. Nbd2 a6 7. O-O cxd4 8. exd4
Bd6 9. Re1 b5 10. b4 Qb6 11. Nb3 a5 12. a3 axb4 13. axb4 Rxa1 14. Nxa1 Bd7 15.
Qe2 Ne7 16. Nb3 Ng6 17. Nc5 Bxc5 18. dxc5 Qb8 19. Nd4 e5 20. Bxg6 hxg6 21.
Qxe5+ Qxe5 22. Rxe5+ Kd8 23. c6 Bc8 24. Nxb5 Rh5 25. Rxh5 gxh5 26. f3 Ne8 27.
Bf4 f6 28. h4 g6 29. Nd4 Nc7 30. b5 Na8 31. Bd6 Nb6 32. Bc5 Na4 33. Bb4 Kc7 34.
Ba5+ Kb8 35. b6 Ba6 36. g4 Nb2 37. Bb4 Nc4 38. Bc5 Bc8 39. gxh5 gxh5 40. Kf2
Ba6 41. Kg3 Bc8 42. b7 Bxb7 43. cxb7 Kxb7 44. Kf4 Ne5 45. Kf5 Nd7 46. Be7 Kc7
47. Bxf6 Kd6 48. Kg5 Kc5 49. Bh8 Kc4 50. Ne6 Kd3 51. f4 Ke4 52. f5 Kd3 53. Kxh5
1-0

[Event "Top20"]
[Site "?"]
[Date "2002.03.30"]
[Round "7"]
[White "Cursoux, Gerard"]
[Black "Moreira, Philippe"]
[Result "0-1"]
[WhiteElo "2010"]
[BlackElo "2048"]
[PlyCount "44"]

1. b4 a5 2. b5 c6 3. a4 e5 4. Bb2 Qc7 5. e3 d5 6. c4 Nf6 7. Nf3 e4 8. Ne5 Bd6
9. f4 exf3 10. Nxf3 Nbd7 11. d4 Bb4+ 12. Nbd2 O-O 13. Bd3 Re8 14. Ne5 Nxe5 15.
dxe5 Ng4 16. Qe2 Nxe5 17. O-O-O cxb5 18. Bxe5 Qxe5 19. Nb1 bxc4 20. Bc2 Bc5 21.
e4 Qf4+ 22. Kb2 Bg4 0-1

[Event "Top20"]
[Site "?"]
[Date "2002.03.30"]
[Round "7"]
[White "Petit, Didier"]
[Black "Graillon, David"]
[Result "1-0"]
[WhiteElo "1830"]
[BlackElo "2040"]
[PlyCount "83"]

1. d4 d5 2. Nf3 Nf6 3. g3 c6 4. Bg2 Bf5 5. O-O Nbd7 6. c4 e6 7. b3 h6 8. Ba3
Bxa3 9. Nxa3 Ne4 10. Nb1 Ndf6 11. Ne5 Qb6 12. f3 Ng5 13. g4 Bxb1 14. Rxb1 Rd8
15. c5 Qc7 16. h4 Ngh7 17. b4 Nd7 18. Nxd7 Rxd7 19. b5 h5 20. g5 Nf8 21. bxc6
bxc6 22. Qe1 Ng6 23. f4 Nxf4 24. Qf2 Ng6 25. e4 O-O 26. e5 Rb8 27. Kh2 Nxe5 28.
dxe5 Qxe5+ 29. Qg3 Qxg3+ 30. Kxg3 Rdb7 31. Rxb7 Rxb7 32. g6 fxg6 33. Bh3 Re7
34. Kf4 e5+ 35. Ke3 Re8 36. Bd7 Rb8 37. Bxc6 d4+ 38. Ke4 d3 39. Kxd3 Rb4 40.
Be4 Rd4+ 41. Ke3 Rc4 42. Bd5+ 1-0

[Event "Top20"]
[Site "?"]
[Date "2002.03.30"]
[Round "7"]
[White "Poncet, Alain"]
[Black "Deville, Olivier"]
[Result "1-0"]
[WhiteElo "1810"]
[BlackElo "2021"]
[PlyCount "89"]

1. e4 c5 2. Nc3 Nc6 3. f4 g6 4. Nf3 Bg7 5. Bb5 Nd4 6. Bc4 a6 7. a4 b6 8. O-O e6
9. Rb1 Ne7 10. Nxd4 cxd4 11. Ne2 d5 12. Bd3 O-O 13. b3 Bb7 14. e5 f6 15. Nxd4
Qc8 16. Ba3 Rf7 17. Qe2 f5 18. Qe3 Nc6 19. c4 dxc4 20. Bxc4 Nxd4 21. Qxd4 Qc6
22. Rf3 b5 23. Bf1 Qc2 24. Rb2 Qd1 25. Rc3 Bd5 26. Bd6 Rd7 27. Qb6 bxa4 28.
Rbc2 axb3 29. Rc1 Qxd2 30. Rc8+ Rxc8 31. Rxc8+ Kf7 32. Rc7 g5 33. Rxd7+ Kg6 34.
Qa7 Bh6 35. Rxh7 Kh5 36. Qf7+ Kg4 37. Rxh6 Qe3+ 38. Kh1 Qf2 39. Qh5+ Kxf4 40.
Qd1 b2 41. Rh3 g4 42. Rg3 Qb6 43. Qd2+ Ke4 44. Bd3+ Kd4 45. Qf2+ 1-0

[Event "Top20"]
[Site "?"]
[Date "2002.03.30"]
[Round "7"]
[White "Valjan, Berislav"]
[Black "Garon, Pierre"]
[Result "0-1"]
[WhiteElo "1750"]
[BlackElo "1880"]
[PlyCount "100"]

1. d4 d5 2. h3 Nf6 3. Bf4 c6 4. Nf3 Bf5 5. e3 e6 6. Bd3 Bxd3 7. Qxd3 Nbd7 8.
Nbd2 Be7 9. O-O O-O 10. Rfe1 Rc8 11. a3 c5 12. c3 Qb6 13. Rab1 Rfd8 14. Kh1 a5
15. Ne5 Nxe5 16. Bxe5 Nd7 17. Bg3 Qc6 18. f4 a4 19. Nf3 b5 20. Rf1 Bd6 21. Bh4
f6 22. g4 Re8 23. Kg2 Rc7 24. Bg3 Rec8 25. h4 Qb6 26. g5 f5 27. Rf2 b4 28. axb4
cxb4 29. cxb4 Qxb4 30. h5 Rb8 31. Rc2 Qb3 32. Qxb3 Rxb3 33. Rxc7 Bxc7 34. Bf2
Ba5 35. g6 h6 36. Rc1 Rxb2 37. Rc8+ Nf8 38. Ra8 Rb5 39. Ne5 a3 40. Kf3 Bb4 41.
Nc6 Bd6 42. Be1 Rb6 43. Ne5 Rb8 44. Rxb8 Bxb8 45. Nd3 Nd7 46. Nb4 Kf8 47. Na2
Bd6 48. Kg3 Nf6 49. Kh4 Be7 50. Bd2 Ne4+ 0-1

[Event "Top20"]
[Site "?"]
[Date "2002.03.30"]
[Round "7"]
[White "Bellon, Yves"]
[Black "Testard, Philippe"]
[Result "1/2-1/2"]
[WhiteElo "2060"]
[BlackElo "1860"]
[PlyCount "70"]

1. c4 f5 2. g3 Nf6 3. Bg2 g6 4. Nc3 Bg7 5. d3 e5 6. e4 d6 7. Nge2 Nc6 8. O-O
O-O 9. a3 a5 10. Bd2 Be6 11. Qc1 Qd7 12. Bh6 Rae8 13. Bxg7 Kxg7 14. Qd2 Nh5 15.
exf5 Bxf5 16. Ne4 Bh3 17. N2c3 Bxg2 18. Kxg2 Nd4 19. Rad1 Nf3 20. Qe3 Qg4 21.
Ne2 h6 22. h3 Qe6 23. Qa7 d5 24. cxd5 Qxd5 25. Qc5 Qxc5 26. Nxc5 b6 27. Nb3 c5
28. Nd2 Nxd2 29. Rxd2 Rd8 30. Nc3 Nf6 31. Re1 Rfe8 32. Ree2 e4 33. dxe4 Rxd2
34. Rxd2 Nxe4 35. Nxe4 Rxe4 1/2-1/2

[Event "Top20"]
[Site "?"]
[Date "2002.03.30"]
[Round "7"]
[White "Bruel, Bruno"]
[Black "Ollier, Michel"]
[Result "0-1"]
[WhiteElo "1670"]
[BlackElo "1820"]
[PlyCount "68"]

1. Nf3 d5 2. d4 Nf6 3. c4 c6 4. Nc3 e6 5. e3 Be7 6. Bd3 O-O 7. O-O Nbd7 8. b3
a6 9. a4 Qc7 10. Bb2 e5 11. dxe5 Ng4 12. cxd5 Ndxe5 13. Nxe5 Qxe5 14. g3 Qg5
15. Qe2 Qh6 16. f4 Bc5 17. Bc1 Re8 18. Ne4 Ba7 19. d6 Be6 20. Ng5 Bd7 21. Rf3
Qxd6 22. Kh1 Nf6 23. Qc2 h6 24. Nh7 Nd5 25. Ba3 c5 26. Bb2 Nb4 27. Qc3 f6 28.
Rd1 Nxd3 29. Rxd3 Qc6 30. Nxf6+ gxf6 31. e4 Bg4 32. Rfe3 c4 33. Rd5 Bxe3 34.
Qxe3 Qxd5 0-1

[Event "Top20"]
[Site "?"]
[Date "2002.03.30"]
[Round "7"]
[White "Massard, Christian"]
[Black "Mujic, Saban"]
[Result "1/2-1/2"]
[WhiteElo "1870"]
[BlackElo "1800"]
[PlyCount "33"]

1. c4 Nf6 2. Nc3 e6 3. e4 Nc6 4. f4 d6 5. Nf3 e5 6. f5 Be7 7. d3 O-O 8. h3 a6
9. g4 Nd4 10. Nxd4 exd4 11. Ne2 c5 12. g5 Nd7 13. Rg1 g6 14. f6 Nxf6 15. gxf6
Bxf6 16. Bf4 Bh4+ 17. Kd2 1/2-1/2

[Event "Top20"]
[Site "?"]
[Date "2002.04.27"]
[Round "8"]
[White "Etlicher, Dominique"]
[Black "Petit, Didier"]
[Result "1-0"]
[WhiteElo "1940"]
[BlackElo "1830"]
[PlyCount "43"]

1. d4 c5 2. d5 Nf6 3. c4 g6 4. Nc3 Bg7 5. e4 d6 6. f4 Nbd7 7. Nf3 O-O 8. Be2
Qa5 9. O-O a6 10. Bd2 Qc7 11. a4 Rb8 12. Qe1 b6 13. Qh4 Bb7 14. Rae1 Rbe8 15.
f5 Ne5 16. Nxe5 dxe5 17. g4 Qd6 18. Rf3 h5 19. Rh3 Bc8 20. g5 gxf5 21. gxf6
Qxf6 22. Bg5 1-0

[Event "Top20"]
[Site "?"]
[Date "2002.04.27"]
[Round "8"]
[White "Dzaferi, Asip"]
[Black "Moreira, Philippe"]
[Result "1/2-1/2"]
[WhiteElo "2070"]
[BlackElo "2048"]
[PlyCount "57"]

1. e4 c5 2. d4 cxd4 3. c3 dxc3 4. Nxc3 Nc6 5. Nf3 e6 6. a3 a6 7. Bd3 d6 8. O-O
Be7 9. Re1 Qc7 10. Be3 Nf6 11. Rc1 O-O 12. Bb1 Qa5 13. h3 Bd7 14. Qd3 Ne5 15.
Nxe5 dxe5 16. Bg5 Rfd8 17. Qe3 Rac8 18. Kh1 Bc6 19. f4 exf4 20. Bxf4 Qc5 21.
Qe2 Qh5 22. Qf2 e5 23. Bh2 Qg5 24. Rf1 Rd2 25. Qf3 Rcd8 26. b4 Rb2 27. Rc2 Rxc2
28. Bxc2 Rd2 29. Bb1 1/2-1/2

[Event "Top20"]
[Site "?"]
[Date "2002.04.27"]
[Round "8"]
[White "Garon, Pierre"]
[Black "Poncet, Alain"]
[Result "1-0"]
[WhiteElo "1880"]
[BlackElo "1810"]
[PlyCount "69"]

1. c4 Nf6 2. d4 d5 3. Nc3 g6 4. cxd5 Nxd5 5. e4 Nxc3 6. bxc3 Bg7 7. Be3 O-O 8.
Bc4 c5 9. Ne2 Nc6 10. O-O Qa5 11. Qb3 cxd4 12. cxd4 Qh5 13. Qc2 Bd7 14. Rac1
Rac8 15. Qb1 Na5 16. Nf4 Qh4 17. g3 Qf6 18. Be2 e6 19. Qb4 b6 20. Ba6 Rc6 21.
Kg2 Re8 22. Bb5 Rxc1 23. Rxc1 Bxb5 24. Qxb5 Qd8 25. d5 exd5 26. exd5 Re7 27. d6
Rd7 28. Nd5 Rxd6 29. Rc8 Rxd5 30. Qe8+ Qxe8 31. Rxe8+ Bf8 32. Bh6 Rd8 33. Rxd8
Nc6 34. Re8 Ne7 35. Rxf8# 1-0

[Event "Top20"]
[Site "?"]
[Date "2002.04.27"]
[Round "8"]
[White "Testard, Philippe"]
[Black "Cursoux, Gerard"]
[Result "0-1"]
[WhiteElo "1860"]
[BlackElo "2010"]
[PlyCount "71"]

1. d4 f5 2. g3 Nf6 3. Bg2 g6 4. Nf3 Bg7 5. O-O O-O 6. c4 d6 7. Nc3 c6 8. b3 Qc7
9. Bb2 e5 10. dxe5 dxe5 11. Qc2 Na6 12. Rad1 e4 13. Ng5 h6 14. Nh3 Ng4 15. Na4
Ne5 16. a3 Be6 17. Nf4 Bf7 18. f3 g5 19. Nh3 exf3 20. exf3 Bh5 21. Kh1 Rae8 22.
c5 Bf7 23. f4 gxf4 24. gxf4 Ng4 25. Bxg7 Kxg7 26. Qc3+ Kh7 27. Rd3 Re2 28. Nb2
Qe7 29. b4 Nc7 30. Nd1 Nb5 31. Qc1 Re1 32. Qd2 Re2 33. Qc1 Bd5 34. Ndf2 Bxg2+
35. Kxg2 Ne3+ 36. Kh1 0-1

[Event "Top20"]
[Site "?"]
[Date "2002.04.27"]
[Round "8"]
[White "Graillon, David"]
[Black "Bellon, Yves"]
[Result "0-1"]
[WhiteElo "2040"]
[BlackElo "2060"]
[PlyCount "35"]

1. e4 c5 2. Nf3 d6 3. d4 cxd4 4. Nxd4 Nf6 5. Nc3 g6 6. Be2 Bg7 7. Be3 O-O 8.
O-O Nc6 9. Kh1 Bd7 10. f4 Rc8 11. Bf3 a6 12. h3 b5 13. g4 b4 14. Nce2 Na5 15.
b3 e5 16. Bd2 Qb6 17. fxe5 dxe5 18. g5 0-1

[Event "Top20"]
[Site "?"]
[Date "2002.04.27"]
[Round "8"]
[White "Deville, Olivier"]
[Black "Ollier, Michel"]
[Result "1/2-1/2"]
[WhiteElo "2021"]
[BlackElo "1820"]
[PlyCount "46"]

1. d4 Nf6 2. Nf3 e6 3. g3 c5 4. Bg2 Nc6 5. O-O d5 6. c4 Be7 7. cxd5 exd5 8.
dxc5 Bxc5 9. Nbd2 O-O 10. Nb3 Bb6 11. Bg5 h6 12. Bxf6 Qxf6 13. Qxd5 Qxb2 14.
Qd2 Qf6 15. Qf4 Qxf4 16. gxf4 Be6 17. Rfc1 Rfe8 18. Nc5 Bd5 19. e3 Nd8 20. Ne5
Bxg2 21. Kxg2 Bxc5 22. Rxc5 Ne6 23. Rd5 Red8 1/2-1/2

[Event "Top20"]
[Site "?"]
[Date "2002.04.27"]
[Round "8"]
[White "Valjan, Berislav"]
[Black "Massard, Christian"]
[Result "1-0"]
[WhiteElo "1750"]
[BlackElo "1870"]
[PlyCount "56"]

1. d4 Nf6 2. c4 g6 3. Nc3 Bg7 4. Nf3 d6 5. h3 Nbd7 6. Bf4 Nh5 7. Bh2 Nb6 8. e4
e6 9. Be2 Bd7 10. e5 Bf8 11. a3 a5 12. O-O Ng7 13. Ne4 dxe5 14. Bxe5 f5 15.
Nf6+ Ke7 16. Re1 h6 17. a4 Kf7 18. Qb3 Bd6 19. Nxd7 Nxd7 20. Bxg7 Kxg7 21. c5
Be7 22. Qxe6 Re8 23. Bc4 Bg5 24. Qf7+ Kh8 25. Nxg5 hxg5 26. Qxg6 Rxe1+ 27. Rxe1
Qf8 28. Qh5+ Kg7 1-0

[Event "Top20"]
[Site "?"]
[Date "2002.04.30"]
[Round "8"]
[White "Boblin, Laurent"]
[Black "Bruel, Bruno"]
[Result "1-0"]
[WhiteElo "1890"]
[BlackElo "1670"]
[PlyCount "99"]

1. e4 c5 2. c3 d5 3. exd5 Qxd5 4. d4 Nf6 5. Nf3 Bg4 6. Be2 e6 7. O-O Be7 8. Na3
Nc6 9. Be3 cxd4 10. Nb5 Rc8 11. Nbxd4 O-O 12. Nxc6 Rxc6 13. Nd4 Bxe2 14. Nxc6
Qxc6 15. Qxe2 a6 16. Rad1 b5 17. Bd4 Nd5 18. Qg4 f6 19. Qe4 Re8 20. Rfe1 Bd6
21. g3 Re7 22. Qg4 Kf7 23. Qe4 Kg8 24. f4 f5 25. Qf3 Qe8 26. Qf2 Qc8 27. Re2
Qd7 28. Bc5 Bxc5 29. Qxc5 Kf7 30. b3 Qb7 31. Rd3 Nf6 32. Qe3 Ne4 33. Rd4 Rc7
34. c4 bxc4 35. Rxc4 Rxc4 36. bxc4 Qb1+ 37. Kg2 Qb7 38. Qb3 Qc6 39. Kf1 Nc5 40.
Qe3 Qh1+ 41. Qg1 Qf3+ 42. Rf2 Qd3+ 43. Kg2 Qxc4 44. Qd1 Nd3 45. Rd2 Qe4+ 46.
Kg1 Ne1 47. Qh5+ Ke7 48. Qg5+ Ke8 49. Rd8+ Kf7 50. Rd7+ 1-0

[Event "Top20"]
[Site "?"]
[Date "2002.04.27"]
[Round "8"]
[White "Rea, Laurent"]
[Black "Mujic, Saban"]
[Result "1/2-1/2"]
[WhiteElo "1770"]
[BlackElo "1800"]
[PlyCount "80"]

1. d4 d5 2. c4 e6 3. cxd5 exd5 4. Nc3 Nf6 5. Bg5 c6 6. e3 Be7 7. Bd3 O-O 8. Qc2
h6 9. Bxf6 Bxf6 10. Nge2 Nd7 11. O-O Re8 12. Rae1 Nf8 13. Ng3 Be6 14. Re2 Bh4
15. Rfe1 Qd7 16. a3 b5 17. Rd2 a5 18. Na2 g6 19. Qb1 Rac8 20. Rc1 Rc7 21. Rdc2
Rec8 22. Rc3 Qd6 23. b4 a4 24. Qc2 Bd8 25. f4 f5 26. Ne2 h5 27. Rf1 Qe7 28. Rf3
Qf6 29. Ng3 Nd7 30. Nc1 Nb6 31. Be2 Nc4 32. Nd3 Be7 33. Ne5 Bd6 34. Nf1 Rg7 35.
Rg3 h4 36. Rf3 g5 37. Rf2 g4 38. g3 h3 39. Nd2 Rcc7 40. Nf1 Rge7 1/2-1/2

[Event "Top20"]
[Site "?"]
[Date "2002.05.25"]
[Round "9"]
[White "Cursoux, Gerard"]
[Black "Etlicher, Dominique"]
[Result "1-0"]
[WhiteElo "2030"]
[BlackElo "2090"]
[PlyCount "83"]

1. e4 c5 2. Nc3 e6 3. f4 Nc6 4. Nf3 a6 5. g3 g6 6. Bg2 Bg7 7. O-O Nge7 8. d3
O-O 9. Be3 d6 10. Bf2 Qc7 11. Rb1 b5 12. Qd2 b4 13. Ne2 Qa5 14. d4 cxd4 15.
Nfxd4 Rd8 16. Nxc6 Nxc6 17. a3 Rb8 18. axb4 Rxb4 19. c3 Rb8 20. b4 Qc7 21. c4
Bb7 22. Rfc1 Ne7 23. b5 Nc8 24. Qb4 Ba8 25. Qa4 axb5 26. cxb5 Qd7 27. Qa5 Bb7
28. Rc7 Qe8 29. Rbc1 Rd7 30. b6 h5 31. Nc3 Rxc7 32. bxc7 Ra8 33. Qb4 Qc6 34.
Ne2 Ra1 35. Qe1 Rxc1 36. Qxc1 Qxc1+ 37. Nxc1 Kf8 38. Bf1 Ke7 39. Bb5 Bxe4 40.
Nb3 d5 41. Bc5+ Kf6 42. Ba6 1-0

[Event "Top20"]
[Site "?"]
[Date "2002.05.25"]
[Round "9"]
[White "Garon, Pierre"]
[Black "Dzaferi, Asip"]
[Result "1-0"]
[WhiteElo "2010"]
[BlackElo "2020"]
[PlyCount "89"]

1. d4 d5 2. Nf3 c5 3. e3 e6 4. c3 Nc6 5. Bd3 Nf6 6. Nbd2 cxd4 7. exd4 Bd6 8.
O-O O-O 9. Re1 Re8 10. Ne5 Nd7 11. Bxh7+ Kf8 12. Ndf3 Bxe5 13. Nxe5 Ndxe5 14.
dxe5 Qh4 15. Bd3 f6 16. exf6 gxf6 17. Re3 e5 18. b3 Be6 19. Ba3+ Kf7 20. g3 Qh6
21. Qd2 Rh8 22. h4 Rag8 23. Kf1 e4 24. Be2 Qg6 25. Ke1 Ne5 26. Qd4 Rd8 27. Qc5
Nc6 28. Rc1 d4 29. cxd4 Rxd4 30. Bb2 Rd5 31. Qc2 f5 32. Bc4 Nb4 33. Qc3 f4 34.
Bxd5 Nxd5 35. Qxh8 fxe3 36. Qe5 exf2+ 37. Kxf2 Qg4 38. Rf1 Ke8 39. Qb8+ Bc8 40.
Qe5+ Be6 41. Re1 e3+ 42. Kg1 Kd8 43. Bd4 Qf3 44. Rf1 Qg4 45. Qd6+ 1-0

[Event "Top20"]
[Site "?"]
[Date "2002.05.25"]
[Round "9"]
[White "Moreira, Philippe"]
[Black "Petit, Didier"]
[Result "1-0"]
[WhiteElo "2048"]
[BlackElo "1880"]
[PlyCount "43"]

1. e4 e6 2. d4 d5 3. Nd2 c5 4. exd5 exd5 5. Bb5+ Nc6 6. Qe2+ Be6 7. Ngf3 a6 8.
Bxc6+ bxc6 9. O-O Bd6 10. dxc5 Bxc5 11. Nb3 Be7 12. Nbd4 Qd6 13. Nxe6 fxe6 14.
Re1 Kd7 15. Bf4 Qxf4 16. Qxe6+ Kc7 17. Ne5 Qf6 18. Qd7+ Kb6 19. Re3 Bc5 20.
Rb3+ Bb4 21. Rxb4+ Ka5 22. Nxc6+ 1-0

[Event "Top20"]
[Site "?"]
[Date "2002.05.25"]
[Round "9"]
[White "Bellon, Yves"]
[Black "Poncet, Alain"]
[Result "0-1"]
[WhiteElo "1950"]
[BlackElo "1850"]
[PlyCount "32"]

1. c4 Nf6 2. Nc3 d5 3. cxd5 Nxd5 4. g3 e5 5. Bg2 c6 6. d3 Bc5 7. Nxd5 cxd5 8.
Qb3 e4 9. dxe4 dxe4 10. Qb5+ Nd7 11. Bxe4 O-O 12. Nf3 Qe7 13. Qd3 Nf6 14. Bg5
Bxf2+ 15. Kf1 Bh3+ 16. Kxf2 Nxe4+ 0-1

[Event "Top20"]
[Site "?"]
[Date "2002.05.25"]
[Round "9"]
[White "Ollier, Michel"]
[Black "Boblin, Laurent"]
[Result "0-1"]
[WhiteElo "1840"]
[BlackElo "2030"]
[PlyCount "64"]

1. e4 c6 2. d4 d5 3. e5 Bf5 4. h4 h6 5. c4 e6 6. Nc3 Ne7 7. g4 Bh7 8. c5 Nd7 9.
Nge2 Ng6 10. f4 h5 11. g5 Ne7 12. Ng3 Nf5 13. Nxf5 Bxf5 14. Be2 g6 15. b4 Be7
16. a4 b6 17. Be3 O-O 18. Bxh5 gxh5 19. Qxh5 Re8 20. Qf3 bxc5 21. bxc5 Qa5 22.
Bd2 Qa6 23. h5 Qd3 24. Qg2 Kg7 25. Qh2 Rh8 26. Ne2 Rab8 27. Rc1 Rb3 28. Rd1 Qf3
29. h6+ Kh7 30. Rg1 Qh3 31. Qxh3 Rxh3 32. Kf2 32... Rb8 $138 0-1

[Event "Top20"]
[Site "?"]
[Date "2002.05.25"]
[Round "9"]
[White "Deville, Olivier"]
[Black "Valjan, Berislav"]
[Result "1/2-1/2"]
[WhiteElo "2021"]
[BlackElo "1730"]
[PlyCount "115"]

1. d4 d5 2. Nf3 Nf6 3. c4 e6 4. g3 Be7 5. Bg2 c6 6. Qc2 Nbd7 7. O-O dxc4 8.
Qxc4 Nb6 9. Qc2 O-O 10. Rd1 Nbd5 11. a3 Ne8 12. Nbd2 g6 13. Ne4 Ng7 14. Neg5 f6
15. Ne4 Nf5 16. Nc5 Nd6 17. e4 Nc7 18. b4 Nf7 19. Bb2 Qe8 20. Rac1 Bxc5 21.
dxc5 e5 22. Nd2 Be6 23. Nc4 Bxc4 24. Qxc4 Qe6 25. Qxe6 Nxe6 26. Rd7 Nfd8 27.
Rcd1 Rf7 28. h4 Rc8 29. Rxf7 Nxf7 30. Bh3 Nfd8 31. f4 exf4 32. gxf4 f5 33. exf5
Nxf4 34. Bf1 gxf5 35. Bc4+ Nde6 36. Re1 Kf7 37. Bc1 Nd5 38. Re5 f4 39. Bxd5
cxd5 40. Rxd5 Rd8 41. Rxd8 Nxd8 42. Bxf4 a6 43. Kf2 Ke6 44. Kf3 Kf5 45. a4 Nc6
46. Bd2 h5 47. Bc3 Ne7 48. b5 axb5 49. axb5 Nd5 50. c6 bxc6 51. bxc6 Ke6 52.
Ba5 Kd6 53. c7 Nxc7 54. Bxc7+ Kxc7 55. Kf4 Kd7 56. Kg5 Ke7 57. Kxh5 Kf8 58. Kh6
1/2-1/2

[Event "Top20"]
[Site "?"]
[Date "2002.05.25"]
[Round "9"]
[White "Graillon, David"]
[Black "Rea, Laurent"]
[Result "1/2-1/2"]
[WhiteElo "1970"]
[BlackElo "1750"]
[PlyCount "74"]

1. e4 c5 2. Nc3 Nc6 3. Nf3 a6 4. d3 e6 5. g3 g6 6. Bg2 Bg7 7. O-O Nge7 8. Be3
d6 9. Ne2 Bxb2 10. Bh6 Ng8 11. Rb1 Nxh6 12. Rxb2 O-O 13. h3 Rb8 14. Qd2 Kg7 15.
g4 Ng8 16. g5 f5 17. Nh2 Bd7 18. f4 b5 19. Ng3 Rf7 20. h4 Qa5 21. Qc1 Qb6 22.
Kh1 a5 23. h5 Kf8 24. Nf3 b4 25. a4 Qc7 26. Qa1 Nce7 27. e5 d5 28. h6 Bc6 29.
Ne2 Qd7 30. Nd2 Qb7 31. Nb3 Qb6 32. d4 c4 33. Nc5 Be8 34. Rfb1 Rc8 35. Rxb4
axb4 36. Rxb4 Qc6 37. Qb2 Nxh6 1/2-1/2

[Event "Top20"]
[Site "?"]
[Date "2002.05.18"]
[Round "9"]
[White "Massard, Christian"]
[Black "Testard, Philippe"]
[Result "0-1"]
[WhiteElo "1730"]
[BlackElo "1960"]
[PlyCount "138"]

1. c4 e5 2. Nc3 Nc6 3. g3 g6 4. Bg2 Bg7 5. d3 f5 6. Nf3 Nf6 7. Bg5 h6 8. Bd2
O-O 9. Nh4 Kh7 10. e3 d6 11. a3 Be6 12. b4 Qd7 13. b5 Nd8 14. e4 f4 15. Nd5 Ng4
16. f3 Ne3 17. Nxe3 fxe3 18. Bxe3 g5 19. Nf5 Bxf5 20. exf5 Qxf5 21. f4 Kg8 22.
g4 Qf6 23. Bd5+ Kh8 24. f5 c6 25. bxc6 bxc6 26. Be4 Rf7 27. Rb1 Rd7 28. Qa4 Rc8
29. O-O Qf7 30. Rfc1 Bf6 31. Rb3 Kg7 32. Rcb1 d5 33. cxd5 cxd5 34. Bg2 Rc2 35.
R3b2 Rc3 36. Bf1 Qe7 37. Rb3 Rc2 38. R3b2 Rc3 39. Rb3 Rc2 40. R3b2 Rxb2 41.
Rxb2 e4 42. Bd4 exd3 43. Bxf6+ Kxf6 44. Qd4+ Qe5 45. Qxe5+ Kxe5 46. Bxd3 Kd4
47. Ba6 Kc3 48. Rb8 d4 49. Kf2 d3 50. Ke1 Rd6 51. Bb5 a6 52. Bxa6 Kc2 53. Rc8+
Nc6 54. Bb5 d2+ 55. Kf2 d1=Q 56. Ba4+ Kd2 57. Bxd1 Kxd1 58. Re8 Rd4 59. h3 Kd2
60. Re6 Rf4+ 61. Kg3 Nd4 62. Rd6 Ke2 63. a4 Kf1 64. Kh2 Ne2 65. Rd3 Rxa4 66.
Rf3+ Ke1 67. f6 Nf4 68. Re3+ Kf2 69. Re7 Ra3 0-1

[Event "Top20"]
[Site "?"]
[Date "2002.05.25"]
[Round "9"]
[White "Mujic, Saban"]
[Black "Vernay, Clovis"]
[Result "0-1"]
[WhiteElo "1790"]
[BlackElo "2020"]
[PlyCount "114"]

1. d4 d5 2. Nf3 Nf6 3. c4 c6 4. Nc3 dxc4 5. e4 b5 6. Bg5 Nbd7 7. a3 a6 8. Qc2
Bb7 9. Be2 h6 10. Bxf6 Nxf6 11. O-O e6 12. Rad1 Be7 13. e5 Nd5 14. a4 Qc7 15.
Ne4 O-O 16. Ne1 c5 17. Nf3 Nb4 18. Qb1 cxd4 19. Rxd4 Nc6 20. Rd2 Nxe5 21. Rfd1
Rad8 22. Nxe5 Qxe5 23. Bf3 Kh8 24. Rxd8 Bxd8 25. Re1 Qc7 26. Qd1 Be7 27. Nc3
Bxf3 28. Qxf3 Qa5 29. axb5 axb5 30. Qb7 Bf6 31. Qf3 Rd8 32. Rd1 Bxc3 33. Rxd8+
Qxd8 34. bxc3 Kg8 35. g3 Qd5 36. Qf4 e5 37. Qf5 g6 38. Qc8+ Kg7 39. Qe8 e4 40.
h4 b4 41. cxb4 c3 42. Qc8 Qd1+ 43. Kg2 c2 44. Qc3+ Kh7 45. Qf6 Kg8 46. Qe7 c1=Q
47. Qe8+ Kg7 48. Qe5+ Kh7 49. Qxe4 Qg1+ 50. Kh3 Qc8+ 51. g4 h5 52. f3 hxg4+ 53.
Qxg4 Qgxg4+ 54. fxg4 Qc3+ 55. Kg2 Qxb4 56. Kf3 f5 57. gxf5 gxf5 0-1